Poorna: (Record no. 180883)

MARC details
000 -LEADER
fixed length control field 00634nam a22001937a 4500
005 - DATE AND TIME OF LATEST TRANSACTION
control field 20210823131210.0
010 ## - LCCN (DPL NO)
LC control number ENG-129768
020 ## - INTERNATIONAL STANDARD BOOK NUMBER
Terms of availability 295.00
International Standard Book Number 9789388478373
035 ## - SYSTEM CONTROL NUMBER
System control number EN-113300
037 ## - SOURCE OF ACQUISITION
Source of stock number/acquisition DBAD/PUB
082 ## - DEWEY DECIMAL CLASSIFICATION NUMBER
Classification number 796.522092
100 ## - MAIN ENTRY--PERSONAL NAME
Personal name Thota, Aparna
245 ## - TITLE STATEMENT
Title Poorna:
Statement of responsibility, etc Aparna Thota
Remainder of title The Youngest Girl in the World to Scale Mount Everest/
250 ## - EDITION STATEMENT
Edition statement 2019
260 ## - PUBLICATION, DISTRIBUTION, ETC. (IMPRINT)
Name of publisher, distributor, etc Prism Books Pvt. Ltd.
Date of publication, distribution, etc 2019
Place of publication, distribution, etc Bengaluru
270 ## - ADDRESS
Electronic mail address logistics@prismbooks.com
City Bengaluru
Postal code 560070
Address 1865, 32nd cross, 10th Main BSK II Stage,
300 ## - PHYSICAL DESCRIPTION
Extent xvii,162p.
Dimensions 23cm (pbk)
942 ## - ADDED ENTRY ELEMENTS (KOHA)
Source of classification or shelving scheme Dewey Decimal Classification
Item type English Books
Classification part 796.522092
Call number prefix THO
Holdings
Withdrawn status Lost status Not for loan Collection code Home library Current library Date acquired Source of acquisition Cost, normal purchase price Full call number Barcode Copy number Cost, replacement price Koha item type
      Non-fiction Sarojini Nagar Sarojini Nagar 23/08/2021 DBAD/PUB 295.00 796.522092 EN-113300 1 295.00 English Books

© Delhi Public Library
Hit Counter
free hit counter